Chinese Cities in Cantonese - Statistics

General Stats
  • This quiz has been taken 270 times
  • The average score is 15 of 20
Answers on the Map
Answers color-coded by a green-red scale on the quiz's map according to % correct below.
 
Answer Stats
Cantonese Answer % Correct
bak1 ging1 Beijing
100%
gwong2 zau1 Guangzhou
92%
hoeng1 gong2 Hong Kong
91%
naam4 ging1 Nanjing
84%
soeng6 hoi2 Shanghai
84%
cung4 hing3 Chongqing
80%
cing1 dou2 Qingdao
77%
sai1 on1 Xi'an
76%
haa1 ji5 ban1 Harbin
75%
tin1 zeon1 Tianjin
75%
daai6 lin4 Dalian
74%
hong4 zau1 Hangzhou
73%
sam1 zan3 Shenzhen
73%
haa6 mun4 Xiamen
71%
mou5 hon3 Wuhan
67%
zeng6 zau1 Zhengzhou
67%
sing4 dou1 Chengdu
65%
wu1 lou5 muk6 cai4 Urumqi
65%
laai1 saat3 Lhasa
60%
sam2 joeng4 Shenyang
56%
No matching quizzes found
Score Distribution
Percent of People with Each Score
Percentile by Number Answered
Your Score History
You have not taken this quiz